Les aventures de Telémaque : suivies des aventures d'Aristonoüs /

Gardado en:
Detalles Bibliográficos
Autor Principal: Fénelon, François (autor)
Outros autores: La Harpe, Jean-François (autor) (autor)
Formato: Libro
Idioma:francés
Edición:Nueva ed.
Temas:
Etiquetas: Engadir etiqueta
Sen Etiquetas, Sexa o primeiro en etiquetar este rexistro!

MARC

LEADER 00000nam^a2200000^a^4500
001 000330999
005 20250526000000.0
009 20260310114020.335
025 |a Donación Robles Martínez, 3 ejemplares 
037 |a Acervo ITESO - Biblioteca 
041 |a FRA 
082 |a 843.  |b FEN 
100 |a Fénelon, François  |e (autor) 
240 1 1 |a [Aventuras de Telémaco] 
240 1 1 |a [Aventuras de Aristonoo] 
245 1 4 |a Les aventures de Telémaque :  |b suivies des aventures d'Aristonoüs /  |c F. Fénelon. 
250 |a Nueva ed. 
264 |a París, Francia :  |b Garnier Frères,  |c 1864 
300 |a VI, 496 p. ;  |c 18.0 cm. 
545 0 |a François de Salignac de la Mothe, conocido como François Fenelón (1651-1715), escritor y teólogo francés. Fue miembro de la Academia Francesa, educador del nieto de Luis XIV y arzobispo de Cambrai, cargo del que se le destituyó por la publicación de su libro Explicación de las máximas de los santos, y sus tendencias quietistas. Sus escritos muestran sus dotes de educador, apologético, humanista y su preocupación de los abusos del poder político. Entre sus obras se encuentran Aventuras de Telémaco, Tratado de educación de las hijas, Tratado de la existencia de Dios y refutación del sistema de Malebranche sobre la naturaleza y la gracia, Diálogos sobre la elocuencia, Diálogos de los muertos, y otros. 
649 |a XX 
650 |a Escritores Franceses 
650 |a Teólogos Franceses 
650 |a Novela Francesa 
650 |a Literatura Francesa -  |y Siglo XVII 
600 |a Fénelon, François 
740 4 |a Les aventures d'Aristonoüs /  |c F. Fénelon. 
740 0 |a Eloge de Fénelon /  |c J.F. La Harpe. 
700 |a La Harpe, Jean-François  |e (autor) 
910 |a Fondo Robles Martínez 
920 |a Impresos - Libros 
930 |a Libros Antiguos y Raros 
940 |a Literatura 
905 |a 108 
901 |a 0500220071  |b IT2  |c LRA  |u 20250526 
902 |a https://opac.biblio.iteso.mx/vufind/Record/000330999